000 00633nam 22001933 4500
001 201760
090 _a201760
100 _a20260414d u||y0pory50 ba
200 _aLa place de l'homme dans la nature
_ele groupe zoologique humain
_fPierre Teilhard de Chardin
210 _aParis
_cUnion générale d'étions
_dcop. 1956
215 _a187, [1] p.
_cbrochado
_d19 cm
225 _aLe monde en 1018
_v33
606 _912841
_aAntropologia
675 _a572.1
_vFRA
_zFr
675 _a821.133.1
_vPT
_zpor
700 _917114
_aTeilhard de Chardin
_bPierre
_f1881-1955
801 _aPT
_bBMMN
_gRPC
830 _cAna Falardo
_fAna Falardo
990 _cLIVROS